Least Obese EU Countries - Statistics

General Stats
  • This quiz has been taken 26 times
  • The average score is 2 of 5
Answer Stats
% Country % Correct
9,4 Romania
57%
10,7 Italy
43%
14,0 Sweden
43%
13,3 Netherlands
33%
14,0 Belgium
24%
No matching quizzes found
Score Distribution
Percent of People with Each Score
Percentile by Number Answered
Your Score History
You have not taken this quiz